| 000 | 00733nam a22002057a 4500 | ||
|---|---|---|---|
| 005 | 20240718121312.0 | ||
| 010 | _aHIN-127996 | ||
| 020 |
_c450.0 _a9789380208664 |
||
| 035 | _aHN-100342 | ||
| 037 | _bDBAD | ||
| 082 |
_a827 _21 |
||
| 100 |
_aअशोक, गौतम _968520 |
||
| 245 |
_aफ्रेश नाक वाले/ _bअशोक गौतम |
||
| 250 | _a1 | ||
| 260 |
_aदिल्ली _bरही पब्लिकेशन _c2021 |
||
| 270 |
_aएल-45, गली नं०-5 करतार नगर, _bदिल्ली _e110053 |
||
| 300 |
_a197 पृ. _c22 सेमी. (सजिल्द) |
||
| 650 |
_aहिन्दी _968521 |
||
| 942 |
_2ddc _cHN _h827 _mगौतम _e1 |
||
| 999 |
_c204171 _d204171 |
||